Разд. I: Инженерные методы расчетов; Т. I-2: Теоретическая механика. Термодинамика. Теплообмен; Машиностроение

Detalhes bibliográficos
Parent link:Машиностроение: энциклопедия в 40 т./ гл. ред. К. В. Фролов. Разд. I: Инженерные методы расчетов; Т. I-2: Теоретическая механика. Термодинамика. Теплообмен.— , 1994-.— 5-217-01949-2
Outros Autores: Колесников К. С. Константин Сергеевич (редактор составитель), Леонтьев А. И. Александр Иванович
Resumo:В части I рассмотрены основы статики, кинематики твердого тела; динамики различных систем материальных точек; вопросы аналитической механики; динамика твердого тела; гироскопические системы; движение искусственного спутника относительно центра масс; теория удара; вариационные принципы механики. В части II изложены основы термодинамики; процессы течения газов и жидкостей; теплофизические свойства твердых тел и защитных покрытий; теплообмен при вынужденной конвекции, кипении, физико-химических превращениях и в гетерогенных потоках; методы расчета теплообмена излучением; тепловая защита.
Idioma:russo
Publicado em: 2003
Assuntos:
Formato: Livro
KOHA link:https://koha.lib.tpu.ru/cgi-bin/koha/opac-detail.pl?biblionumber=69412

MARC

LEADER 00000nam2a2200000 4500
001 69412
005 20231031075721.0
010 |a 5217029129 
035 |a (RuTPU)RU\TPU\book\73910 
090 |a 69412 
100 |a 20041025d2003 km y0rusy50 ca 
101 0 |a rus 
102 |a RU 
105 |a a f 001zy 
200 0 |a Разд. I: Инженерные методы расчетов; Т. I-2: Теоретическая механика. Термодинамика. Теплообмен  |f ред.-сост. К. С. Колесников, А. И. Леонтьев 
210 |d 2003 
215 |a 600 с.  |c ил. 
320 |a Библиогр.: с. 566-567 
320 |a Предметный указатель: с. 592-600 
330 |a В части I рассмотрены основы статики, кинематики твердого тела; динамики различных систем материальных точек; вопросы аналитической механики; динамика твердого тела; гироскопические системы; движение искусственного спутника относительно центра масс; теория удара; вариационные принципы механики. В части II изложены основы термодинамики; процессы течения газов и жидкостей; теплофизические свойства твердых тел и защитных покрытий; теплообмен при вынужденной конвекции, кипении, физико-химических превращениях и в гетерогенных потоках; методы расчета теплообмена излучением; тепловая защита. 
461 1 |0 (RuTPU)RU\TPU\book\54318  |y 5-217-01949-2  |t Машиностроение  |o энциклопедия в 40 т.  |f гл. ред. К. В. Фролов  |v Разд. I: Инженерные методы расчетов; Т. I-2: Теоретическая механика. Термодинамика. Теплообмен  |d 1994- 
610 1 |a машиностроение 
610 1 |a теоретическая механика 
610 1 |a твердые тела 
610 1 |a статика 
610 1 |a кинематика 
610 1 |a динамика 
610 1 |a удар 
610 1 |a термодинамика 
610 1 |a теплообмен 
610 1 |a теплопроводность 
610 1 |a гетерогенные потоки 
610 1 |a конвекция 
610 1 |a теплообмен при кипении 
610 1 |a массообмен 
610 1 |a теплообмен излучением 
610 1 |a расчет 
610 1 |a тепловая защита 
610 1 |a энциклопедии 
675 |a 621.002(031)  |v 3 
702 1 |a Колесников  |b К. С.  |g Константин Сергеевич  |4 340  |4 220 
702 1 |a Леонтьев  |b А. И.  |g Александр Иванович  |4 340  |4 220 
801 1 |a RU  |b 63413507  |c 20041025  |g PSBO 
801 2 |a RU  |b 63413507  |c 20140408  |g PSBO 
942 |c BK 
959 |a 137/20041020  |d 1  |e 0  |f НФ:1